| 000 | 00385nam a2200133 a 4500 | ||
|---|---|---|---|
| 005 | 20140412111414.0 | ||
| 008 | 070703s19uu xx 00 eng d | ||
| 020 | _a0-590-75803-9 | ||
| 050 |
_aER _bM66 1967 |
||
| 100 | _aBurton, Virginia Lee | ||
| 245 |
_aMike mulligan and his steam shovel / _cVirginia lee Burton. |
||
| 260 |
_aOhio : _bHoughton mifflin co, _c1967. |
||
| 999 |
_c105775 _d105775 |
||